000 00405nam a22001337a 4500
082 _a954.91
_bKHA
100 _aKhalid, Brig (R) Muhammad Mumtaz
_951392
245 _aShort history of the corps of Engineers
260 _aRawalpindi,
_bE-in-Cs branch,
_c2017.
300 _axiii,546p.
_bill.
526 _a0
_b0
_c0
_d954_910000000000000_KHA
526 _a0
_b0
_c0
_d954_910000000000000_KHA
942 _2ddc
_cBK
999 _c554091
_d554091